00472 2200181 4500001002100000005001500021008004100036035002000077082000800097084001400105100002500119245006400144250000600208260003900214300001100253650001400264990001200278INLIS00000000000016120240502111812240502 0 ind  a0010-0424000137 a420 a420 DWI p aHenri Wijatmoko, Dwi1 aPercakapan Bahasa Inggris Di Sekolah /cDwi Henri Wijatmoko a1 aBandung :bPustaka Pitaloka,c2011 a58 hlm 4aNon Fiksi a0732494